| 000 | 01517cam a22002894a 4500 | ||
|---|---|---|---|
| 001 | 12778891 | ||
| 003 | ARRUPE | ||
| 005 | 20150914115655.0 | ||
| 008 | 020517s2002 ilu b 001 0 eng | ||
| 010 | _a 2002007831 | ||
| 020 | _a0226730085 (cloth : alk. paper) | ||
| 040 |
_aDLC _cDLC _dDLC |
||
| 042 | _apcc | ||
| 050 | 0 | 0 |
_aQ175 _b.R5668 2002 |
| 082 | 0 | 0 |
_a501 _221 |
| 100 | 1 |
_aRouse, Joseph, _d1952- _919707 |
|
| 245 | 1 | 0 |
_aHow scientific practices matter : _breclaiming philosophical naturalism / _cJoseph Rouse. |
| 260 |
_aChicago : _bUniversity of Chicago Press, _cc2002. |
||
| 300 |
_aix, 383 p. ; _c24 cm. |
||
| 504 | _aIncludes bibliographical references and index. | ||
| 505 | 0 | _aThe problem of manifest necessity -- The dualism of nature and normativity -- Quinean indeterminacy and its implications for naturalism -- Feminist challenges to the reification of knowledge -- Two concepts of scientific practices -- Perception, action, and discursive practices -- Desires, bodies, and normative force -- Experimentation, theory, and the normativity of natural phenomena -- Natural necessity and the normativity of scientific practices. | |
| 650 | 0 |
_aScience _xPhilosophy. _919796 |
|
| 650 | 0 |
_aNaturalism _919797 |
|
| 906 |
_a7 _bcbc _corignew _d1 _eecip _f20 _gy-gencatlg |
||
| 942 |
_2lcc _cMONOGRAPH |
||
| 999 |
_c123392 _d123392 |
||